Quizzes
Events
Quiz Creation
Community
Videos
Private Events
Remove Ads
Sign In
Join for FREE
Feedback
Dark Mode
Quiz Categories
Sports
Geography
Music
Movies
Television
Just For Fun
Miscellaneous
History
Literature
Language
Science
Gaming
Entertainment
Religion
Holiday
For Kids
Quiz Lab
Recent
Popular Today
Quiz Kudos Today
Editor Picks
Curator Picks
Quizzes by...
Day
Popularity
Type
Ratings
Length
Year
Community
Subscriptions
Recent Discussions
Orange Saloon
Badges
Playlists
Quests
Create
Leaderboards
Showdown
Live 5
Trivia Bingo
Activity
Puzzle Library
Sporcle Events
Private Events
Virtual Trivia
Globe League
Become a Host
Pub Owners
SporcleCon
Opinionation
Our Games
Videos
Blog
Mobile Apps
Partnerships
Remove Ads and Go Orange
Feedback
Movies
Disney
Marvel Cinematic Universe
Movie Resume
Movie Titles
Oscar
Actor
Actress
Director
Pixar
Role
Movie Quotes
Movie Characters
Box Office
Nominee
Best Picture
Star Wars
James Bond
Horror Movies
Movies
Disney
Marvel Cinematic Universe
Movie Resume
Movie Titles
Oscar
Actor
Actress
Director
Pixar
Role
Movie Quotes
Movie Characters
Box Office
Nominee
Best Picture
Star Wars
James Bond
Horror Movies
Random Quiz
Search Sporcle
×
Quiz Lab
Quiz Lab
Movies
Director
Type in answers that appear in a list
Type in answers that appear in a list
Classic
Best Score? Go Orange.
Directors that deserve to win an Oscar one day... Stats
Can you name the Directors that deserve to win an Oscar one day for Directing...?
By
dgus
10m
38 Questions
78 Plays
78 Plays
78 Plays
Comments
Comments
Give Quiz Kudos
Give Quiz Kudos
-
- Ratings
hide this ad
Forced Order
Answers have to be entered in order
Answers have to be entered in order
Replay
Link that replays current quiz
Next Quiz
Link to next quiz in quiz playlist
You Got
0%
They Got
Avg Score
60%
Avg Friend Score
Upgrade to see
Score Distribution
Jump to the score distribution portion of the page
Score
0/38
Timer
10:00
0
Plays Today
Notable film
Director
% Correct
Memento
Christopher Nolan
87.2%
Fight Club
David Fincher
82.1%
Reservoir Dogs
Quentin Tarantino
82.1%
Good Night, and Good Luck
George Clooney
79.5%
Ed Wood
Tim Burton
78.2%
Up in the Air
Jason Reitman
76.9%
Black Hawk Down
Ridley Scott
73.1%
Do the Right Thing
Spike Lee
73.1%
Good Will Hunting
Gus Van Sant
73.1%
Almost Famous
Cameron Crowe
71.8%
Gone Baby Gone
Ben Affleck
71.8%
The Wrestler
Darren Aronofsky
70.5%
The Shawshank Redemption
Frank Darabont
70.5%
Signs
M. Night Shyamalan
69.2%
The Untouchables
Brian De Palma
67.9%
Boogie Nights
Paul Thomas Anderson
66.7%
The Bourne Ultimatum
Paul Greengrass
64.1%
The Truman Show
Peter Weir
64.1%
Collateral
Michael Mann
61.5%
Notable film
Director
% Correct
Dazed and Confused
Richard Linklater
61.5%
The Elephant Man
David Lynch
60.3%
The Thin Red Line
Terrence Malick
60.3%
A History of Violence
David Cronenberg
60.3%
L.A. Confidential
Curtis Hanson
59%
Moulin Rouge
Baz Luhrmann
59%
Three Kings
David O. Russell
57.7%
Children of Men
Alfonso Cuaron
51.3%
The Hours
Stephen Daldry
48.7%
The Queen
Stephen Frears
48.7%
The Last Samurai
Edward Zwick
47.4%
Das Boot
Wolfgang Petersen
47.4%
Walk the Line
James Mangold
43.6%
In the Name of the Father
Jim Sheridan
39.7%
The Next Three Days
Paul Haggis
35.9%
City of God
Fernando Meirelles
35.9%
Four Weddings and a Funeral
Mike Newell
34.6%
Babel
Alejandro Gonzalez Inarritu
29.5%
Midnight Express
Alan Parker
29.5%
Quiz Playlist
Details
Report
Send in Message
Add To Playlist
Classic:
Type in answers that appear in a list
Forced Order:
Answers have to be entered in order
Last Updated: Feb 16, 2017
Quiz Scoreboard
CHALLENGE
Sign Up to Join the Scoreboard
Show All
Scores
Hide
Comments
May contain spoilers
Recently Published
Decade Duel: World Leaders
by jenniferyan
History
4m
Alphabetical 'K' Countries by Flag Minefield
by ylime102
Geography
3m
Pick 6: Fruits
by JohnFran
Miscellaneous
15s
More to Explore
Quiz From the Vault
Featured Blog Post
15 Basketball Trivia Facts You Can Be March Mad About
hide this ad
You Might Also Like...
Tags
Director Quiz
Oscar Quiz
Notable
Win
Today's Top Quizzes in Movies
Browse Movies
hide this ad
Today's Top Quizzes in Director
Browse Director
Top Contributed Quizzes in Movies
1
Pick 6: Harry Potter
2
Pick 6: Movie Franchises
3
Pick 6: Actors
4
Pick 6: Actresses
5
Pick 6: Disney Princesses
6
Match The President To The Fictional Crisis
7
Movies of the Seasons
8
Seasonal Films
9
Harry Potter Logic Puzzle
10
Springtime Movie Scenes (Quiz 2 of 2)
Explore More
Trending Topics
Harry Potter
Kpop
Disney
Crossword
Marvel
Anime
NBA
Country
Pokémon
WWE
Puzzle
Soccer
Song
NFL
The Office
hide this ad
More By:
dgus
Quiz
Plays
Rating
Category
Featured
Created
Name the Odd One Out
3,135
2.67
Movies
Nov 13, 2009
AFI & IMDB Top Movies
434
5.00
Movies
Nov 8, 2009
Movies Based on Novels of the Same Name
397
3.00
Movies
Oct 29, 2009
Can You These Films
291
1.92
Movies
Nov 6, 2009
Movie Franchise Actors
260
1.00
Movies
May 18, 2010
Go to Creator's Profile
Score Distribution
Quiz Creator Spotlight
dgus
Follow
Send a Message
Quizzes Created
-
Created Quiz Play Count
-
More By This Creator
Popular Quizzes Today
1
Countries of Asia Without Outlines Minefield
2
Find the US States - No Outlines Minefield
3
Pick 6: Fruits
4
Alphabetical 'K' Countries by Flag Minefield
5
The Countries of the World
6
Find the Countries of Europe - No Outlines Minefield
7
Find the US States
8
US States
More Movies Quizzes
Simple Sequels
Published
Trending Quizzes
Pick 6: Mountains
Pick 6: Harry Potter
Pick 6: Flags
Pick 6: NFL Teams
Pick 6: Movie Franchises
Recently Updated
NWSL Teams
pecheneg
Women's Final Four Teams by Year
bhenderson79
Presidents Quartet II
eogle
Anything But Clue(do)
eogle
Anything But Oceanian Capitals
eogle
Anything But 7
eogle
Anything But Thing
eogle
Word Ladder: February 29
pecheneg
Song Title Questions
pecheneg
Women's NCAA Tournament #1 Seeds
pecheneg
Trending Topics
Crossword
Disney
NBA
Marvel
Anime
Harry Potter
Kpop
NFL
WWE
Soccer
Pokémon
Puzzle
Song
The Office
Country
Your Account Isn't Verified!
In order to create a playlist on Sporcle, you need to verify the email address you used during registration. Go to your
Sporcle Settings
to finish the process.
Report this User
Report this user for behavior that violates our
Community Guidelines
.
Details:
Send Report
Go to the Sporcle.com Mobile Site →
Comments